<?xml version="1.0" encoding="UTF-8"?>
<record
    xmlns:xsi="http://www.w3.org/2001/XMLSchema-instance"
    xsi:schemaLocation="http://www.loc.gov/MARC21/slim http://www.loc.gov/standards/marcxml/schema/MARC21slim.xsd"
    xmlns="http://www.loc.gov/MARC21/slim">

  <leader>04540nam a2200361uu 4500</leader>
  <controlfield tag="001">1521742</controlfield>
  <controlfield tag="005">20260508093613.0</controlfield>
  <controlfield tag="008">190320s2018                        spa  </controlfield>
  <datafield tag="020" ind1=" " ind2=" ">
    <subfield code="a">9789585980679</subfield>
  </datafield>
  <datafield tag="035" ind1=" " ind2=" ">
    <subfield code="a">1521742</subfield>
  </datafield>
  <datafield tag="040" ind1=" " ind2=" ">
    <subfield code="c">comduadb</subfield>
  </datafield>
  <datafield tag="041" ind1=" " ind2=" ">
    <subfield code="a">spa</subfield>
  </datafield>
  <datafield tag="082" ind1=" " ind2="4">
    <subfield code="a">986</subfield>
  </datafield>
  <datafield tag="100" ind1="1" ind2="0">
    <subfield code="a">Tovar Zambrano, Bernardo,</subfield>
    <subfield code="d">1944-</subfield>
    <subfield code="4">aut</subfield>
    <subfield code="0">(isni)0000 0000 3390 1770</subfield>
    <subfield code="0">(viaf)56701133</subfield>
    <subfield code="e">aut</subfield>
    <subfield code="9">252655</subfield>
  </datafield>
  <datafield tag="245" ind1="1" ind2="0">
    <subfield code="a">Pensar la regi&#xF3;n : ensayos de historia econ&#xF3;mica, social y cultural del Huila</subfield>
  </datafield>
  <datafield tag="250" ind1=" " ind2=" ">
    <subfield code="a">1. edici&#xF3;n</subfield>
  </datafield>
  <datafield tag="260" ind1=" " ind2=" ">
    <subfield code="a">Bogot&#xE1; :</subfield>
    <subfield code="b">Editorial Gente Nueva,</subfield>
    <subfield code="c">2018.</subfield>
  </datafield>
  <datafield tag="300" ind1=" " ind2=" ">
    <subfield code="a">536 p&#xE1;ginas :</subfield>
    <subfield code="b">ilustraciones.</subfield>
  </datafield>
  <datafield tag="490" ind1="0" ind2=" ">
    <subfield code="a">Colecci&#xF3;n : Homenajes</subfield>
  </datafield>
  <datafield tag="505" ind1=" " ind2=" ">
    <subfield code="a">CONTENIDO : Presentaci&#xF3;n. -- Prologo. -- I. Procesos econ&#xF3;micos y sociales. -- Conquista espa&#xF1;ola y resistencia ind&#xED;gena. Las provincias de Timan&#xE1;, Neiva y La Plata durante el siglo XVI. --La provincia de Neiva en el contexto de la econom&#xED;a del Virreinato. -- La econom&#xED;a huilense durante el siglo XIX: los productos de exportaci&#xF3;n. -- La lenta transformaci&#xF3;n socioecon&#xF3;mica de Neiva y la regi&#xF3;n durante la primera mitad del siglo XX. -- La econom&#xED;a huilense entre la tradici&#xF3;n y la modernidad (1900-1960). -- II. Cultura festiva. -- Neiva de fiesta: identidad y goce urbano. -- De San Juan y San Pedro al festival moderno. -- III. Regi&#xF3;n, tradici&#xF3;n e identidad. -- La guerra de la Gaitana: historia, leyenda y mito. -- El Huila al final del siglo: historia, identidad y utop&#xED;a. -- El Huila, el ordenamiento territorial y la regi&#xF3;n Surcolombiana. -- IV. HIstoriograf&#xED;a huilense. -- Introducci&#xF3;n a la Historia general de Huila (Vol&#xFA;menes 1-5). -- Presentaci&#xF3;n de la Historia general del Huila (Volumen 6). -- Presentaci&#xF3;n de la Historia comprehensiva de Neiva. -- Breve rese&#xF1;a de la historiograf&#xED;a huilense. -- El nombre propio como s&#xED;mbolo. Joaqu&#xED;n Garc&#xED;a Borrero y la Primera Bienal de Ensayo. -- El Huila es un destino com&#xFA;n.</subfield>
  </datafield>
  <datafield tag="520" ind1="3" ind2=" ">
    <subfield code="a">"Re&#xFA;ne los principales trabajos que su autor, ha escrito sobre la historia del Huila. Comprende diversos ensayos que abordan tem&#xE1;ticas como las siguientes: los procesos econ&#xF3;micos y sociales de la conquista espa&#xF1;ola (siglo XVI) centrados en las provincias de Timan&#xE1;, Neiva y La Plata; la descripci&#xF3;n econ&#xF3;micos m&#xE1;s sobresalientes que presentaban la provincia en el siglo XIX, con especial referencia a los productos de exportaci&#xF3;n; y, de modo bastante detallado, el desarrollo de la econom&#xED;a huilense durante la primera mitad XX, que se mov&#xED;a entre la tradici&#xF3;n y la modernizaci&#xF3;n. A continuaci&#xF3;n, el texto se ocupa de las pr&#xE1;cticas festivas. Se estudian aqu&#xED; las tradiciones fiestas de San Juan y San Pedro, y el moderno Festival Folcl&#xF3;rico y Reinado Nacional del Bambuco, que es uno de los componentes de mayor singularidad del Huila en el contexto nacional. Seguidamente, el autor describe el interesante tema de la antigua cultura ecuestre y pastoril, la del hombre de a caballo, &#xED;ntimamente vinculada a la econom&#xED;a ganadera que en el pasado caracterizaba buena parte de las haciendas. Correspondiendo a la narraci&#xF3;n de la Conquista, el autor se ocupa de la gesta de La Gaitana, que no tiene parang&#xF3;n en la historia de la Conquista de Am&#xE9;rica. El recorrido por aquellos elementos socioecon&#xF3;micos y culturales busca confluir en la concepci&#xF3;n del Huila como regi&#xF3;n. As&#xED; mismo, la noci&#xF3;n de lo regional se relaciona con el debate sobre la cuesti&#xF3;n del reordenamiento territorial y la conformaci&#xF3;n de la Regi&#xF3;n Surcolombiana. Ampliando el radio de la morada hist&#xF3;rica, emerge la memoria acerca de los huilenses que abrieron la colonizaci&#xF3;n del Caquet&#xE1; y del piedemonte andino-amaz&#xF3;nico. Cerrado el texto se encuentra una aproximaci&#xF3;n a la historiograf&#xED;a huilense, con referencias a los autores que han hecho sus aportes al conocimiento de nuestra historia regional."</subfield>
  </datafield>
  <datafield tag="650" ind1=" " ind2=" ">
    <subfield code="a">Huila (Colombia) - Condiciones economicas</subfield>
    <subfield code="9">140697</subfield>
  </datafield>
  <datafield tag="650" ind1=" " ind2=" ">
    <subfield code="a">Huila (Colombia) - Condiciones sociales</subfield>
    <subfield code="9">66089</subfield>
  </datafield>
  <datafield tag="650" ind1=" " ind2=" ">
    <subfield code="a">Huila (Colombia) - Historia</subfield>
    <subfield code="9">3582</subfield>
  </datafield>
  <datafield tag="650" ind1=" " ind2=" ">
    <subfield code="a">Huila (Colombia) - Vida social y costumbres</subfield>
    <subfield code="9">66090</subfield>
  </datafield>
  <datafield tag="650" ind1=" " ind2=" ">
    <subfield code="a">Neiva (Huila, Colombia) - Historia</subfield>
    <subfield code="9">213366</subfield>
  </datafield>
  <datafield tag="650" ind1=" " ind2=" ">
    <subfield code="a">Neiva (Huila, Colombia) - Vida social y costumbres</subfield>
    <subfield code="9">213954</subfield>
  </datafield>
  <datafield tag="650" ind1=" " ind2=" ">
    <subfield code="a">Historia econ&#xF3;mica - Huila (Colombia)</subfield>
    <subfield code="9">228216</subfield>
  </datafield>
  <datafield tag="650" ind1=" " ind2=" ">
    <subfield code="a">Cultura popular - Huila (Colombia)</subfield>
    <subfield code="9">223842</subfield>
  </datafield>
  <datafield tag="700" ind1="1" ind2="0">
    <subfield code="a">Rodr&#xED;guez Jim&#xE9;nez, Pablo,</subfield>
    <subfield code="d">1955-</subfield>
    <subfield code="4">aui</subfield>
    <subfield code="0">(isni)0000 0000 8016 6852</subfield>
    <subfield code="0">(viaf)91670861</subfield>
    <subfield code="e">aui</subfield>
    <subfield code="9">394141</subfield>
  </datafield>
  <datafield tag="700" ind1="1" ind2="0">
    <subfield code="a">Salas Vargas, Reynel</subfield>
    <subfield code="4">aui</subfield>
    <subfield code="e">aui</subfield>
    <subfield code="9">710248</subfield>
  </datafield>
  <datafield tag="942" ind1=" " ind2=" ">
    <subfield code="c">BOOK</subfield>
  </datafield>
  <datafield tag="999" ind1=" " ind2=" ">
    <subfield code="c">802746</subfield>
    <subfield code="d">802746</subfield>
  </datafield>
  <datafield tag="952" ind1=" " ind2=" ">
    <subfield code="0">0</subfield>
    <subfield code="1">0</subfield>
    <subfield code="4">0</subfield>
    <subfield code="7">0</subfield>
    <subfield code="8">GEN</subfield>
    <subfield code="a">BC</subfield>
    <subfield code="b">BC</subfield>
    <subfield code="d">2019-03-20</subfield>
    <subfield code="e">Material adquirido por donaci&#xF3;n</subfield>
    <subfield code="g">56000.00</subfield>
    <subfield code="i">C1309923</subfield>
    <subfield code="l">0</subfield>
    <subfield code="o">986.154 T736</subfield>
    <subfield code="p">01049184</subfield>
    <subfield code="r">2025-03-06 07:47:29</subfield>
    <subfield code="t">1</subfield>
    <subfield code="w">2023-05-04</subfield>
    <subfield code="y">BOOK</subfield>
  </datafield>
</record>
